<?xml version="1.0" encoding="UTF-8"?>
<record
    xmlns:xsi="http://www.w3.org/2001/XMLSchema-instance"
    xsi:schemaLocation="http://www.loc.gov/MARC21/slim http://www.loc.gov/standards/marcxml/schema/MARC21slim.xsd"
    xmlns="http://www.loc.gov/MARC21/slim">

  <leader>01388nam a2200241 a 4500</leader>
  <controlfield tag="001">000011363</controlfield>
  <controlfield tag="005">20240412074225.0</controlfield>
  <controlfield tag="008">091016s2006    dr      r     000 p spa d</controlfield>
  <datafield tag="020" ind1=" " ind2=" ">
    <subfield code="a">9945160567</subfield>
  </datafield>
  <datafield tag="040" ind1=" " ind2=" ">
    <subfield code="a">DO-SdBNP</subfield>
    <subfield code="b">spa</subfield>
    <subfield code="c">BNPHU</subfield>
  </datafield>
  <datafield tag="082" ind1=" " ind2=" ">
    <subfield code="a">RD861.508</subfield>
    <subfield code="b">R438a</subfield>
  </datafield>
  <datafield tag="245" ind1="0" ind2="4">
    <subfield code="a">Los reto&#xF1;os de la aurora /</subfield>
    <subfield code="c">compilador J. Est&#xE9;vez Aristy ; presentaci&#xF3;n Jos&#xE9; Reyes.</subfield>
  </datafield>
  <datafield tag="260" ind1=" " ind2=" ">
    <subfield code="a">Santo Domingo :</subfield>
    <subfield code="b">B&#xFA;ho,</subfield>
    <subfield code="c">2006.</subfield>
  </datafield>
  <datafield tag="300" ind1=" " ind2=" ">
    <subfield code="a">126 p. :</subfield>
    <subfield code="b">il. ;</subfield>
    <subfield code="c">22 cm.</subfield>
  </datafield>
  <datafield tag="505" ind1="0" ind2=" ">
    <subfield code="g">Palabras de apertura /</subfield>
    <subfield code="r">Isael P&#xE9;rez --</subfield>
    <subfield code="t">Pr&#xF3;logo /</subfield>
    <subfield code="g">J. Est&#xE9;vez Aristy --</subfield>
    <subfield code="t">Presentaci&#xF3;n /</subfield>
    <subfield code="r">Jos&#xE9; Reyes --</subfield>
    <subfield code="r">Adela Germ&#xE1;n --</subfield>
    <subfield code="r">Romina Bayo --</subfield>
    <subfield code="r">Marielys Duluc Reyna --</subfield>
    <subfield code="r">V&#xED;ctor Manuel Zorrilla --</subfield>
    <subfield code="r">Bertha C. Mart&#xED;nez --</subfield>
    <subfield code="r">Karelyn Dyer Jos&#xE9; --</subfield>
    <subfield code="r">Bienvenido Jim&#xE9;nez S&#xE1;nchez (Ni&#xF1;o) --</subfield>
    <subfield code="r">Carolina Estefany Silvestre Rond&#xF3;n --</subfield>
    <subfield code="r">Peter --</subfield>
    <subfield code="r">Jeter --</subfield>
    <subfield code="r">Eulogio Jim&#xE9;nez Germ&#xE1;n --</subfield>
    <subfield code="r">Luis Antonio Villanueva --</subfield>
    <subfield code="r">Olga Carmen Hern&#xE1;ndez Nieves --</subfield>
    <subfield code="r">Reynaldo Alberto Berroa --</subfield>
    <subfield code="r">Olga Carmen Justiniano D&#xED;az --</subfield>
    <subfield code="r">Pedro Henr&#xED;quez Severino.</subfield>
  </datafield>
  <datafield tag="586" ind1=" " ind2=" ">
    <subfield code="a">Primer concurso de poes&#xED;a "Juan Bosch", 2005 -2006, Auspiciado por el Ayuntamiento municipal de La Romana.</subfield>
  </datafield>
  <datafield tag="590" ind1=" " ind2=" ">
    <subfield code="a">Inventariado, 2019/BT</subfield>
  </datafield>
  <datafield tag="650" ind1=" " ind2="4">
    <subfield code="a">Poes&#xED;a dominicana</subfield>
    <subfield code="x">Colecciones</subfield>
    <subfield code="9">351</subfield>
  </datafield>
  <datafield tag="650" ind1=" " ind2="0">
    <subfield code="a">Literatura dominicana.</subfield>
    <subfield code="9">67</subfield>
  </datafield>
  <datafield tag="700" ind1="1" ind2=" ">
    <subfield code="a">Aristy, Est&#xE9;vez,</subfield>
    <subfield code="e">comp.</subfield>
    <subfield code="9">26979</subfield>
  </datafield>
  <datafield tag="700" ind1="1" ind2=" ">
    <subfield code="a">Reyes Jos&#xE9;,</subfield>
    <subfield code="e">present.</subfield>
    <subfield code="9">26980</subfield>
  </datafield>
  <datafield tag="910" ind1=" " ind2=" ">
    <subfield code="a">Validado. Control de calidad. EMS</subfield>
  </datafield>
  <datafield tag="952" ind1=" " ind2=" ">
    <subfield code="0">0</subfield>
    <subfield code="1">0</subfield>
    <subfield code="5">4</subfield>
    <subfield code="7">0</subfield>
    <subfield code="8">DS</subfield>
    <subfield code="a">GR</subfield>
    <subfield code="b">GR</subfield>
    <subfield code="c">HD</subfield>
    <subfield code="d">2009-10-16</subfield>
    <subfield code="i">LF1</subfield>
    <subfield code="l">0</subfield>
    <subfield code="o">RD861.508 R438a</subfield>
    <subfield code="p">11363-30</subfield>
    <subfield code="r">2020-06-25</subfield>
    <subfield code="t">e. 3</subfield>
    <subfield code="w">2020-06-25</subfield>
    <subfield code="y">LFDS</subfield>
    <subfield code="Z">Pr&#xE9;stamo en sala</subfield>
  </datafield>
  <datafield tag="952" ind1=" " ind2=" ">
    <subfield code="0">0</subfield>
    <subfield code="1">0</subfield>
    <subfield code="5">4</subfield>
    <subfield code="7">0</subfield>
    <subfield code="8">DS</subfield>
    <subfield code="a">GR</subfield>
    <subfield code="b">GR</subfield>
    <subfield code="c">HD</subfield>
    <subfield code="d">2018-03-20</subfield>
    <subfield code="i">LF1</subfield>
    <subfield code="l">0</subfield>
    <subfield code="o">RD861.508 R438a</subfield>
    <subfield code="p">11363-40</subfield>
    <subfield code="r">2020-06-25</subfield>
    <subfield code="t">e. 4</subfield>
    <subfield code="w">2020-06-25</subfield>
    <subfield code="y">LFDS</subfield>
    <subfield code="Z">Pr&#xE9;stamo en sala</subfield>
  </datafield>
  <datafield tag="952" ind1=" " ind2=" ">
    <subfield code="0">0</subfield>
    <subfield code="1">0</subfield>
    <subfield code="7">1</subfield>
    <subfield code="8">PD</subfield>
    <subfield code="a">PD</subfield>
    <subfield code="b">PD</subfield>
    <subfield code="c">HD</subfield>
    <subfield code="d">2009-10-16</subfield>
    <subfield code="i">LF1</subfield>
    <subfield code="l">0</subfield>
    <subfield code="o">RD861.508 R438a</subfield>
    <subfield code="p">11363-10</subfield>
    <subfield code="r">2020-06-25</subfield>
    <subfield code="w">2020-06-25</subfield>
    <subfield code="y">LFPD</subfield>
    <subfield code="Z">No se presta</subfield>
  </datafield>
  <datafield tag="952" ind1=" " ind2=" ">
    <subfield code="0">0</subfield>
    <subfield code="1">0</subfield>
    <subfield code="7">1</subfield>
    <subfield code="8">PD</subfield>
    <subfield code="a">PD</subfield>
    <subfield code="b">PD</subfield>
    <subfield code="c">HD</subfield>
    <subfield code="d">2009-10-16</subfield>
    <subfield code="i">LF1</subfield>
    <subfield code="l">0</subfield>
    <subfield code="o">RD861.508 R438a</subfield>
    <subfield code="p">11363-20</subfield>
    <subfield code="r">2020-06-25</subfield>
    <subfield code="t">e. 2</subfield>
    <subfield code="w">2020-06-25</subfield>
    <subfield code="y">LFPD</subfield>
    <subfield code="Z">No se presta</subfield>
  </datafield>
  <datafield tag="999" ind1=" " ind2=" ">
    <subfield code="c">11070</subfield>
    <subfield code="d">11070</subfield>
  </datafield>
</record>
